| 000 | 00786cam a2200217Ia 4500 | ||
|---|---|---|---|
| 020 | _a9789251071878 | ||
| 020 | _a925107187X | ||
| 040 | _cUAT | ||
| 082 | _a631 PLA 2012 A036 Or. | ||
| 245 | 0 | 0 |
_aSoil organic carbon accumulation and greenhouse gas emission reductions from conservation agriculture : _ba literature review / |
| 260 |
_aRome : _bPlant Production and Protection Division, Food and Agriculture Organization of the United Nations, _c2012. |
||
| 300 |
_ax, 89 p. : _bcol. map ; _c25 cm. |
||
| 490 | 0 | _aIntegrated crop management ; | |
| 650 | 0 | _aSoils | |
| 650 | 0 | _aCarbon sequestration. | |
| 650 | 0 | _aTillage. | |
| 650 | 0 | _aAgricultural conservation. | |
| 700 | 1 | _aCorsi, Sandra. | |
| 710 | 2 | _aFood and Agriculture Organization of the United Nations. | |
| 942 | _cEK | ||
| 999 |
_c11352 _d11352 |
||